Mundos invisibles : (Registro nro. 30519)
[ vista simple ]
| 000 -LEADER | |
|---|---|
| fixed length control field | 01729nam a22002537a 4500 |
| 003 - CONTROL NUMBER IDENTIFIER | |
| control field | OSt |
| 005 - DATE AND TIME OF LATEST TRANSACTION | |
| control field | 20240530174222.0 |
| 008 - FIXED-LENGTH DATA ELEMENTS--GENERAL INFORMATION | |
| fixed length control field | 240207t2016 ck |||e |||| 00| fdspa d |
| 020 ## - INTERNATIONAL STANDARD BOOK NUMBER | |
| International Standard Book Number | 9789589007402 |
| 037 ## - SOURCE OF ACQUISITION | |
| Materials specified | Donación |
| 040 ## - CATALOGING SOURCE | |
| Original cataloging agency | CO-JMCR |
| Transcribing agency | CO-JMCR |
| Modifying agency | CO-JMCR |
| Description conventions | rda |
| Language of cataloging | spa |
| 041 0# - LANGUAGE CODE | |
| Language code of text/sound track or separate title | spa |
| 082 04 - DEWEY DECIMAL CLASSIFICATION NUMBER | |
| Edition number | 23 |
| Classification number | 154.6 |
| Item number | A66m |
| 100 1# - MAIN ENTRY--PERSONAL NAME | |
| Personal name | Arango, Elsa Lucia , |
| Relator term | autor |
| 9 (RLIN) | 43228 |
| Titles and words associated with a name | Dra. |
| Dates associated with a name | 1959- |
| 245 1# - TITLE STATEMENT | |
| Title | Mundos invisibles : |
| Remainder of title | una guía para comprender el viaje del alma de regreso a su hogar y conectarnos con la esperanza / |
| Statement of responsibility, etc. | Elsa Lucía Arango |
| 260 ## - PUBLICATION, DISTRIBUTION, ETC. | |
| Place of publication, distribution, etc. | Bogotá : |
| Name of publisher, distributor, etc. | Penguin random house , |
| Date of publication, distribution, etc. | ©2016 |
| 300 ## - PHYSICAL DESCRIPTION | |
| Extent | 304 páginas ; |
| Dimensions | 23 cm. |
| 500 ## - GENERAL NOTE | |
| General note | Incluye biografía del autor |
| 520 ## - SUMMARY, ETC. | |
| Summary, etc. | [Este nuevo libro, de un ser tan luminoso como Elsa Lucía Arango, será un gran paliativo para los que cargan el fardo de un duelo mal llevado, un faro para muchachos navegantes, un remanso en el infortunio y una ayuda para sanar los estropicios que deja la muerte cuando no la aceptamos con paz, amor y desapego" A raíz de la publicación del libro Experiencias con el cielo. Elsa Lucía Arango ha recibido múltiples preguntas de sus lectores: ¿cómo es el cielo? Qué se hace en el cielo? ¿Qué ocurre con los que no van al cielo ¿Qué es el alma? ¿Qué son los pactos de las almas? ¿Decidimos nuestra muerte? Este libro intenta contestar muchos de esos interrogantes a partir de los asombrosos testimonios de personas que han percibido las señales sutiles de los mundos invisibles que nos rodean. ] |
| 650 14 - SUBJECT ADDED ENTRY--TOPICAL TERM | |
| Source of heading or term | JMCR |
| Topical term or geographic name entry element | Experiencias en el cielo |
| Form subdivision | Relatos |
| 9 (RLIN) | 43229 |
| 650 24 - SUBJECT ADDED ENTRY--TOPICAL TERM | |
| Source of heading or term | JMCR |
| Topical term or geographic name entry element | Cielo en la literatura |
| General subdivision | Religión |
| 9 (RLIN) | 43230 |
| 650 34 - SUBJECT ADDED ENTRY--TOPICAL TERM | |
| Source of heading or term | JMCR |
| Topical term or geographic name entry element | Vida después de la muerte |
| General subdivision | Almas |
| 9 (RLIN) | 43231 |
| 942 ## - ADDED ENTRY ELEMENTS (KOHA) | |
| Source of classification or shelving scheme | Dewey Decimal Classification |
| Koha item type | Books |
| Withdrawn status | Lost status | Damaged status | Not for loan | Home library | Current library | Shelving location | Date acquired | Source of acquisition | Total Checkouts | Full call number | Barcode | Date last seen | Date last checked out | Copy number | Price effective from | Koha item type |
|---|---|---|---|---|---|---|---|---|---|---|---|---|---|---|---|---|
| Biblioteca Pública José María del Castillo y Rada | Biblioteca Pública José María del Castillo y Rada | General Stacks | 01/25/2024 | Donación | 1 | 154.6 A66m | 201812144 | 07/22/2024 | 07/22/2024 | Ej. 1 | 02/07/2024 | Books |